LIBRARY & INFORMATION CENTRE, KCAET, TAVANUR

ONLINE PUBLIC ACCESS CATALOGUE (OPAC)

Normal view MARC view
  • Dilsha Suresh

Entry Personal Name

Number of records used in: 1

001 - CONTROL NUMBER

  • control field: 5093

003 - CONTROL NUMBER IDENTIFIER

  • control field: OSt

005 - DATE AND TIME OF LATEST TRANSACTION

  • control field: 20210918112003.0

008 - FIXED-LENGTH DATA ELEMENTS

  • fixed length control field: 210918|| aca||aabn | a|a d

040 ## - CATALOGING SOURCE

  • Original cataloging agency: OSt
  • Transcribing agency: OSt

100 ## - HEADING--PERSONAL NAME

  • Personal name: Dilsha Suresh

670 ## - SOURCE DATA FOUND

  • Source citation: Work cat.: (OSt): Dilsha Suresh, Development and Evaluation of a Pneumatic Extruder for Production of Fortified Rice Noodles (Idiyappam), 2021
free website counter